Ciudades de la Región Pokémon de Galar en el Mapa - Estadísticas

Estadísticas generales
  • Esta prueba ha sido intentada 137 veces
  • La puntuación promedio es 7 de 12
Respuestas en el mapa
Las respuestas están codificadas por una escala verde-roja en el mapa de la prueba según el % correcto abajo.
 
Estadísticas de respuestas
Respuesta % Correcto
Ciudad Pistón
77%
Torre Batalla
74%
Pueblo Par
71%
Ciudad Puntera
70%
Ciudad Artejo
66%
Pueblo Crampón
64%
Pueblo Ladera
61%
Pueblo Plié
60%
Pueblo Amura
55%
Pueblo Auriga
51%
Pueblo Yarda
49%
Pueblo Hoyuelo
45%
No se encontraron pruebas coincidentes
Distribución de puntuación
Porcentaje de gente con cada puntuación
Porcentaje por número respondido
Historial de tus puntuaciones
No has intentado esta prueba.